00479nam a2200193 a 4500001001300000003000900013005001700022008004100039020001000080082001300090100001900103245004600122260003200168300000900200500003500209505001000244650001200254700001900266nice12345678IN_TiNIC20260116013812.0050524s1968 lona grp 000 0 eng  ac10000a264bJON aJones, Richard aWorship for Todayb Suggestions and Ideas aLondonbEpworth Pressc1968 a155p aincludes index and biblioraphy2 aIndex aLiturgy1 aJones, Richard